000 01030cam a2200277 i 4500
999 _c20188
_d20188
001 20188
003 Mx-PuUPA
005 20220302080739.0
008 140415s2017 mx d r 000 0 spa d
020 _a9786076226889
040 _aMX-PuUPA
_bspa
_erda
_cMx-PuUPA
_dMx-PuUPA
041 0 _aspa
100 1 _97155
_aPonce Cruz, Pedro,
_eautor
245 1 0 _aMáquinas eléctricas :
_btécnicas modernas de control /
_cPedro Ponce Cruz.
250 _a2a. edición
264 1 _aCiudad de México, México :
_bAlfaomega Grupo Editor,
_c©2017
300 _axviii, 754 páginas :
_bgráficas ;
_c24 cm.
336 _atexto
_2rdacontent
_btxt
337 _asin medio
_2rdamedia
_bn
338 _avolumen
_2rdacarrier
_bnc
650 4 _aMáquinas eléctricas
942 _2ddc
_cLI
_h621.313
_iP792